Curso de cálculo III
Spremljeno u:
| Glavni autor: | |
|---|---|
| Daljnji autori: | |
| Format: | Knjiga |
| Jezik: | Spanish |
| Izdano: |
[San José , Costa Rica]
1974
|
| Teme: | |
| Oznake: |
Dodaj oznaku
Bez oznaka, Budi prvi tko označuje ovaj zapis!
|
MARC
| LEADER | 00000nam a2200000Ia 4500 | ||
|---|---|---|---|
| 003 | 001835 | ||
| 005 | 20221231143943.0 | ||
| 008 | 140114s|974 cr a 000 ||spa d | ||
| 040 | |c cru CEDI | ||
| 082 | |a 517 C162c | ||
| 100 | |a Calvo Hernández, Manuel Antonio |9 20824 | ||
| 245 | |a Curso de cálculo III | ||
| 260 | |a [San José , Costa Rica] |c 1974 | ||
| 300 | |a 54 páginas ; ilustraciones | ||
| 650 | |x CALCULO |9 20826 | ||
| 700 | |9 20825 |a Barrantes Delgado, Geiner | ||
| 942 | |2 ddc |c BK | ||
| 999 | |c 14722 |d 14722 | ||
